000
00296nam a22001337a 4500
020
_a
978817110726
082
_a
294.59215 JOS
100
_a
Joshi, K.L.
245
_a
Atharva-Veda samhita
260
_a
Parimal Publication
_b
Delhi
_c
2015
300
_a
638
650
_a
Atharva Veda
942
_c
BK
999
_c
19964
_d
19964